000 00627nam a2200229 i 4500
001 C2-0314948
003 PPAK
005 20180728110648.0
008 120409s2009 nyu |||| ||||| | eng d
020 _a9781400030842
040 _aPPAK
_beng
_cPPAK
_erda
082 0 4 _a973.931
_223
090 0 0 _a973.931
_bWRI
_dLCK
100 1 _awright, Lawrence,
_eauthor
245 1 4 _aThe Looming Tower:
_bAl-Qaeda and the road to 9/11
264 1 _aNew York :
_bVintage ,
_c2009
300 _a540 pages ;
_c21 cm
336 _2rdacontent
_atext
337 _2rdamedia
_aunmediated
338 _2rdacarrier
_avolume
942 _ddc
_cB
999 _c116260
_d116260